000 00950nam a2200289 a 4500
001 34704
003 BD-RjUL
005 20211209052211.0
008 140518n1976 ii b 001 0 eng d
020 _a0706904354
035 _aBD-RjUL)34798
040 _aABC
_cABC
_dEQO
_dBD-RjUL
_beng
041 _aeng
082 _a305.44095414
_bINM 1976
090 _aDS485.B44
_bI5 1972
100 1 _aInden, Ronald B.
_9105586
245 1 0 _aMarriage and rank in Bengali culture :
_ba history of caste and clan in middle period Bengal /
_cRonald B. Inden
260 _aNew Delhi :
_bVikas Pub. House,
_c1976.
300 _ax, 161 p. ;
_c25 cm
500 _aA revision of the author's thesis, University of Chicago, 1972
504 _aBibliography: p. 153-155 and Index
650 0 _aCaste
_zBengal
_9105587
650 0 _aClans
_zBengal
_9105588
650 0 _aMarriage
_zBengal
_9105589
651 0 _aBengal (India)
_xCivilization
_981661
942 _2ddc
_cBK
999 _c34704
_d34704